[Event "Ch Slovakia"]
[Site "masterchessopen.com – Topolcianky (Slovakia)"]
[Round "2"]
[White "Matejov Anton (SVK)"]
[Black "Mikulas Dusan (SVK)"]
[Result "0-1"]
[WhiteElo "1971"]
[BlackElo "2142"]

1.Nf3 d5 2.d4 Nf6 3.c4 e6 4.g3 Be7 5.Bg2 O-O 6.O-O Nbd7 7.Qc2 c6 8.Rd1 b6
9.Nbd2 Bb7 10.b3 Rc8 11.Bb2 Qc7 12.Rac1 Qb8 13.Qb1 Qa8 14.Ne1 dxc4 15.Nxc4
Rfd8 16.Nd3 c5 17.Bxb7 Qxb7 18.dxc5 Nxc5 19.Nxc5 Bxc5 20.Bxf6 gxf6 21.Rxd8+
Rxd8 22.Rd1 Rd5 23.Rxd5 Qxd5 24.Qc2 Kg7 25.Nd2 f5 26.Nf3 Be7 {#R} 0-1

[Event "It (open)"]
[Site "masterchessopen.com – Vendrell (Spain)"]
[Round "6"]
[White "Piza Cortizo Daniel Ricardo (ESP)"]
[Black "Sole Fabregat Xavier (ESP)"]
[Result "1-0"]
[WhiteElo "2261"]
[BlackElo "2229"]

1.d4 Nf6 2.c4 e6 3.g3 d5 4.Bg2 Be7 5.Nf3 O-O 6.O-O Nbd7 7.Qc2 c6 8.b3 b6 9.Rd1
Ba6 10.Nbd2 Rc8 11.e4 c5 12.exd5 exd5 13.Bb2 dxc4 14.bxc4 cxd4 15.Nxd4 Qc7
16.Nf5 Rfe8 17.Ne4 Nxe4 18.Qxe4 Nf6 19.Qh4 Qxc4 20.Qg5 {#r} 1-0

[Event "Ch Europe (juniors) (under 16) (g)"]
[Site "masterchessopen.com – Baile Herculane (Romania)"]
[Round "9"]
[White "Kiseleva Natalia (UKR)"]
[Black "Vedenina Oksana (LAT)"]
[Result "1-0"]
[WhiteElo "2302"]
[BlackElo "2160"]

1.d4 d5 2.c4 e6 3.g3 Nf6 4.Bg2 Nbd7 5.Nf3 Be7 6.O-O O-O 7.Qc2 c5 8.cxd5 Nxd5
9.Nc3 Nb4 10.Qb3 Nc6 11.d5 Na5 12.Qa4 Nf6 13.e4 exd5 14.exd5 a6 15.Bf4 b5
16.Qc2 b4 17.d6 Bxd6 18.Rad1 Nb7 19.Ng5 bxc3 20.Bxb7 Bxb7 21.Rxd6 Qe7 22.Rxf6
g6 23.Qxc3 h6 24.Bd6 Qd7 25.Bxf8 hxg5 26.Rd6 {#r} 1-0

[Event "Ch Croatia (team) (1st league)"]
[Site "masterchessopen.com – Makarska (Croatia)"]
[Round "8"]
[White "Medak Bojan (CRO)"]
[Black "Paleka Zlatko (CRO)"]
[Result "1-0"]
[WhiteElo "2220"]
[BlackElo "2099"]

1.d4 d5 2.c4 e6 3.Nf3 Nf6 4.g3 Be7 5.Bg2 O-O 6.O-O Nbd7 7.Qc2 c6 8.b3 Ne4
9.Nfd2 Nxd2 10.Nxd2 Nf6 11.Bb2 Bd7 12.Nf3 Rc8 13.Ne5 c5 14.Qd3 Bc6 15.dxc5
Bxc5 16.Rfd1 Qb6 17.Qf3 Ne4 18.e3 Be7 19.cxd5 exd5 20.Qf5 g6 21.Ng4 h5 22.Qe5
f6 23.Qe6+ Kh8 24.Bxe4 dxe4 25.Qxe7 hxg4 26.Bxf6+ Rxf6 27.Qxf6+ Kh7 28.Qf7+
{#r} 1-0

[Event "It (open)"]
[Site "masterchessopen.com – Radviliskis (Lithuania)"]
[Round "3"]
[White "Piesina Gintautas (LTU)"]
[Black "Petraitis Gintautas (LTU)"]
[Result "1-0"]
[WhiteElo "2410"]
[BlackElo "1946"]

1.c4 e6 2.Nf3 Nf6 3.g3 d5 4.d4 Be7 5.Bg2 O-O 6.Qc2 Nbd7 7.O-O c6 8.b3 b6 9.Rd1
Bb7 10.Nc3 Rc8 11.e4 dxe4 12.Nxe4 Nxe4 13.Qxe4 b5 14.cxb5 Qb6 15.Ne5 Nf6
16.Qf3 Qxb5 17.Bg5 Rc7 18.Rac1 h6 19.a4 Qb4 20.Bd2 Qxd4 21.Bf4 {#r} 1-0

[Event "It (open)"]
[Site "masterchessopen.com – Sarospatak (Hungary)"]
[Round "0"]
[White "Vadasz Laszlo (HUN)"]
[Black "Hagymasi Janos (HUN)"]
[Result "1-0"]
[WhiteElo "2350"]
[BlackElo "1989"]

1.Nf3 Nf6 2.c4 e6 3.g3 d5 4.Bg2 Be7 5.O-O O-O 6.d4 Nbd7 7.Qc2 c6 8.b3 Re8
9.Nc3 Nf8 10.Bb2 Ng6 11.Rad1 Qc7 12.e4 dxe4 13.Nxe4 Nxe4 14.Qxe4 Bf6 15.h4 Qa5
16.Qc2 Bd7 17.Bc3 Qh5 18.Rfe1 Rad8 19.Rd2 Bc8 20.Nh2 Re7 21.Bf3 Qf5 22.Qd1
Nxh4 23.gxh4 Bxh4 24.Be4 Qf6 25.Qf3 Qxf3 26.Nxf3 Bf6 27.Red1 Red7 28.Ne5 Rc7
29.c5 Re7 30.b4 Bd7 31.b5 cxb5 32.Ba5 Rde8 33.Bxb7 Bc8 {#r} 1-0

[Event "Ch Yugoslavia (team) (2 liga)"]
[Site "masterchessopen.com – Tivat (Yugoslavia)"]
[Round "4"]
[White "Tosic Miroslav (SRB)"]
[Black "Kovacevic Goran (SRB)"]
[Result "1-0"]
[WhiteElo "2435"]
[BlackElo "2128"]

1.d4 d5 2.c4 e6 3.Nf3 Nf6 4.g3 Be7 5.Bg2 O-O 6.O-O Nbd7 7.Qc2 c6 8.Rd1 b5 9.b3
a5 10.Nc3 Ba6 11.c5 Re8 12.a3 Bf8 13.b4 Bc8 14.Bf4 Nh5 15.Bd2 e5 16.e4 axb4
17.axb4 Rxa1 18.Rxa1 dxe4 19.Nxe5 Nxe5 20.dxe5 Rxe5 21.Ra8 f5 22.g4 Nf6
23.gxf5 Rxf5 24.Nxe4 Nd5 25.Nd6 Rxf2 26.Kxf2 Qf6+ 27.Kg1 Qd4+ 28.Kh1 Qf2
29.Rxc8 Ne3 30.Qb3+ Nc4 31.Nxc4 {#r} 1-0

[Event "It (open)"]
[Site "masterchessopen.com – Boeblingen (Germany)"]
[Round "0"]
[White "Schmitt Axel (GER)"]
[Black "Mittendorf Frank (GER)"]
[Result "1-0"]
[WhiteElo "2350"]
[BlackElo "2126"]

1.Nf3 d5 2.c4 e6 3.g3 Nf6 4.Bg2 Be7 5.O-O O-O 6.d4 Nbd7 7.Qc2 Re8 8.Nbd2 c6
9.e4 dxe4 10.Nxe4 Nxe4 11.Qxe4 Bf6 12.Bf4 c5 13.dxc5 Nxc5 14.Qe3 Qb6 15.Ne5
Nd7 16.Rfe1 Qxe3 17.Rxe3 Nb6 18.c5 Nd5 19.Rb3 h5 20.h4 Nxf4 21.gxf4 Bxh4 22.c6
{#r} 1-0

[Event "It (open) (active)"]
[Site "masterchessopen.com – Barcelona (Spain)"]
[Round "0"]
[White "Viladiu Martinez Josep (ESP)"]
[Black "Flear Glenn C (ENG)"]
[Result "0-1"]
[WhiteElo "2185"]
[BlackElo "2435"]

1.d4 d5 2.c4 e6 3.g3 Nf6 4.Bg2 Be7 5.Nf3 O-O 6.O-O Nbd7 7.Qc2 b6 8.Nbd2 Bb7
9.cxd5 Nxd5 10.a3 c5 11.dxc5 Nxc5 12.b4 Nd7 13.Bb2 Rc8 14.Qb3 Qc7 15.Rac1 Qb8
16.e4 N5f6 17.Rfe1 Rxc1 18.Bxc1 Rc8 19.Bb2 Qa8 20.Nd4 Nf8 21.h3 Rd8 22.Qe3 Ng6
23.Kh2 Bf8 24.N2b3 a5 25.bxa5 bxa5 26.a4 Ne5 27.Bc3 Nfg4+ {#R} 0-1

[Event "Oberliga Northeast 1996/97"]
[Site "masterchessopen.com – Germany"]
[Round "0"]
[White "Heinig Wolfram Dr (GER)"]
[Black "Lisek Juergen (GER)"]
[Result "1-0"]
[WhiteElo "2315"]
[BlackElo "2243"]

1.d4 e6 2.g3 Nf6 3.Bg2 Be7 4.Nf3 O-O 5.O-O d5 6.c4 Nbd7 7.Qc2 c6 8.b3 Ne4
9.Ba3 b6 10.Bxe7 Qxe7 11.Nbd2 Nxd2 12.Nxd2 Ba6 13.Rfe1 f5 14.Rac1 Rac8 15.Qb2
Kh8 16.b4 Bb7 17.e3 e5 18.cxd5 cxd5 19.a3 e4 20.Rxc8 Rxc8 21.Rc1 Rxc1+ 22.Qxc1
Qd6 23.Bf1 g5 24.Bh3 f4 25.Bxd7 Qxd7 26.Nf1 fxg3 27.hxg3 Qe7 28.Qd1 {#r} 1-0

[Event "Ch City"]
[Site "masterchessopen.com – Lodz (Poland)"]
[Round "0"]
[White "Rakowiecki Tomasz (POL)"]
[Black "Baran Andrzej (POL)"]
[Result "1-0"]
[WhiteElo "2334"]
[BlackElo "2045"]

1.Nf3 Nf6 2.c4 e6 3.g3 d5 4.d4 Be7 5.Bg2 O-O 6.O-O Nbd7 7.Qc2 Ne4 8.Nc3 Ndf6
9.Ne5 Nxc3 10.bxc3 c6 11.a4 Nd7 12.Nf3 Nb6 13.Nd2 f6 14.a5 Nd7 15.cxd5 cxd5
16.e4 dxe4 17.Qxe4 e5 18.Ba3 Bxa3 19.Rxa3 Re8 20.Qd5+ Kh8 21.Nc4 exd4 22.Nd6
Ne5 23.Nxe8 Qxe8 24.cxd4 Nc6 25.Re3 Qf8 26.Rfe1 Bg4 27.h3 Rd8 28.Qxd8 Nxd8
29.Re8 {#r} 1-0

[Event "Ch Chess Club"]
[Site "masterchessopen.com – Lvov (Ukraine)"]
[Round "0"]
[White "Pastukhov Igor (UKR)"]
[Black "Grabinsky Vladimir (UKR)"]
[Result "1-0"]
[WhiteElo "2252"]
[BlackElo "2295"]

1.d4 Nf6 2.c4 e6 3.g3 d5 4.Bg2 Be7 5.Nf3 O-O 6.O-O Nbd7 7.Qc2 c6 8.Bf4 b6
9.Nbd2 Bb7 10.e4 dxe4 11.Nxe4 Nxe4 12.Qxe4 Nf6 13.Qe2 c5 14.Rfd1 Qc8 15.d5 Re8
16.Bh3 Bf8 17.dxe6 fxe6 18.Ng5 Bc6 19.Rd8 Qb7 20.Rxa8 Qxa8 21.Bxe6+ Kh8
22.Nf7+ Kg8 23.Nd6+ Kh8 24.Nxe8 Qxe8 25.Re1 Bb7 26.Bd5 {#r} 1-0

[Event "Olympiad"]
[Site "masterchessopen.com – Yerevan (Armenia)"]
[Round "7"]
[White "Olsen Heini (FAI)"]
[Black "Janahi Zeyaad (BRN)"]
[Result "1-0"]
[WhiteElo "2315"]
[BlackElo "2138"]

1.Nf3 Nf6 2.c4 e6 3.g3 d5 4.Bg2 Be7 5.O-O O-O 6.d4 Nbd7 7.Qc2 b6 8.Ne5 Nb8
9.Nc3 Bb7 10.Rd1 Qc8 11.e4 Rd8 12.Bg5 c6 13.Nxf7 Kxf7 14.e5 Nfd7 15.Bxe7 Kxe7
16.Qxh7 Rg8 17.cxd5 cxd5 18.Qh4+ g5 19.Qh7+ Kf8 20.Nb5 Nxe5 21.dxe5 Qd7
22.Qh6+ Rg7 23.Nd4 Kf7 24.Qf6+ Kg8 {#r} 1-0

[Event "It"]
[Site "masterchessopen.com – Dhaka (Bangladesh)"]
[Round "4"]
[White "Rahman Ziaur (BAN)"]
[Black "Lovlu Saifuddi (BAN)"]
[Result "1-0"]
[WhiteElo "2480"]
[BlackElo "2179"]

1.c4 e6 2.g3 Nf6 3.Bg2 d5 4.Nf3 Be7 5.O-O O-O 6.d4 Nbd7 7.Qc2 Ne4 8.Nc3 Nxc3
9.Qxc3 c6 10.Bf4 g5 11.Bd2 f6 12.h4 g4 13.Ne1 f5 14.cxd5 exd5 15.Nd3 Bf6
16.Nf4 Re8 17.Nh5 Bh8 18.Bg5 Qb6 19.Rad1 Rf8 20.Qe3 Nf6 21.Bh6 Nxh5 22.Bxf8
Kxf8 23.Qh6+ Ng7 24.Qxh7 Be6 25.Qxh8+ Bg8 26.h5 Kf7 27.h6 Nh5 28.h7 Nf6
29.Qxf6+ {#r} 1-0

[Event "Ch Germany (seniors) (team)"]
[Site "masterchessopen.com – Bad Wildbad (Germany)"]
[Round "1"]
[White "Weise Wolfgang Dr (GER)"]
[Black "Hermann Armin (GER)"]
[Result "1-0"]
[WhiteElo "2095"]
[BlackElo "1745"]

1.d4 d5 2.Nf3 Nf6 3.g3 e6 4.Bg2 Be7 5.O-O O-O 6.c4 Nbd7 7.Qc2 b6 8.cxd5 exd5
9.Nc3 Bb7 10.Rd1 Re8 11.Bf4 c6 12.a3 Nh5 13.Be3 Nhf6 14.b4 a6 15.Bh3 Ne4
16.Nxe4 dxe4 17.Ne5 Nxe5 18.dxe5 Qc7 19.e6 Bf6 20.Rd7 Qe5 21.exf7+ Kf8
22.fxe8=Q+ Kxe8 23.Rad1 Bc8 24.Qxc6 Rb8 25.Rd8+ Ke7 26.R1d7+ Bxd7 27.Qxd7# 1-0

[Event "It (open) (juniors) (under 18)"]
[Site "masterchessopen.com – Hengelo (Netherlands)"]
[Round "0"]
[White "Groenewold Jan Joris (NED)"]
[Black "Groot Marjoke (NED)"]
[Result "0-1"]
[WhiteElo "2156"]
[BlackElo "1940"]

1.d4 d5 2.c4 e6 3.g3 Nf6 4.Bg2 Be7 5.Nf3 O-O 6.O-O Nbd7 7.Qc2 c5 8.Rd1 b6
9.Nc3 Bb7 10.cxd5 Nxd5 11.Nxd5 Bxd5 12.e4 Bb7 13.d5 exd5 14.exd5 Bd6 15.Qf5
Re8 16.Ng5 Nf6 17.Ne4 Nxe4 18.Bxe4 g6 19.Qg4 Be5 20.Bg5 Bc8 21.Qh4 Qd6 22.Bc2
Bxb2 23.Rab1 Be5 24.f4 Bd4+ 25.Rxd4 cxd4 26.f5 Bb7 27.Rb5 Ba6 28.f6 Re1+
29.Kf2 Re2+ 30.Kg1 Rxc2 31.Qh6 Qf8 {#R} 0-1

[Event "Ch Yugoslavia (open)"]
[Site "masterchessopen.com – Nis (Yugoslavia)"]
[Round "8"]
[White "Arsovic Zoran (SRB)"]
[Black "Brenjo Slavisa (SRB)"]
[Result "0-1"]
[WhiteElo "2395"]
[BlackElo "2460"]

1.Nf3 Nf6 2.c4 e6 3.g3 d5 4.Bg2 Be7 5.O-O O-O 6.d4 Nbd7 7.Qc2 Ne4 8.Nc3 Nxc3
9.Qxc3 c6 10.Bf4 b6 11.b4 Ba6 12.Nd2 Rc8 13.Rfd1 Nf6 14.e4 dxc4 15.a3 Re8
16.Nxc4 Nd5 17.Qb3 Nxf4 18.gxf4 Bxc4 19.Qxc4 Bf8 20.e5 Qh4 21.Bxc6 Qxf4 22.Rd3
a6 23.b5 axb5 24.Qxb5 Red8 25.Rad1 Rc7 26.h3 Rdc8 27.Bg2 Rc1 28.a4 R8c2 {#R}
0-1

[Event "Ch Norway (team)"]
[Site "masterchessopen.com – Norway"]
[Round "0"]
[White "Romsdal Trond (NOR)"]
[Black "Yevseev Denis (RUS)"]
[Result "0-1"]
[WhiteElo "2138"]
[BlackElo "2470"]

1.d4 Nf6 2.Nf3 e6 3.g3 d5 4.Bg2 Be7 5.O-O O-O 6.c4 Nbd7 7.Qc2 c6 8.Bf4 Nh5
9.Be3 f5 10.Ne1 Ndf6 11.cxd5 exd5 12.Nd3 Bd6 13.Bf4 Nxf4 14.gxf4 Ne4 15.e3 Bd7
16.Nd2 Be8 17.Nf3 Rf6 18.Nfe5 Rh6 19.f3 Qh4 20.fxe4 fxe4 21.Nc5 Bxe5 22.dxe5
Qxh2+ 23.Kf2 Rh3 24.Rh1 Rf3+ 25.Ke1 Qg3+ 26.Kd1 Rf2 27.Bxe4 Bh5+ {#R} 0-1

[Event "Tournament (2)"]
[Site "masterchessopen.com – Prokopjevsk (Russia)"]
[Round "0"]
[White "Siuniakov Igor (RUS)"]
[Black "Akhmedzhanov M (KAZ)"]
[Result "1-0"]
[WhiteElo "2375"]
[BlackElo "2226"]

1.Nf3 d5 2.d4 Nf6 3.c4 e6 4.g3 Be7 5.Bg2 O-O 6.O-O Nbd7 7.Qc2 c5 8.Nc3 dxc4
9.dxc5 Qc7 10.Nd2 Ne5 11.Nce4 Nxe4 12.Nxe4 f5 13.Nd6 Qxc5 14.Nxc8 Qxc8 15.Bf4
Bf6 16.Rac1 Rd8 17.b3 Ng6 18.Bd2 Qc7 19.bxc4 Rac8 20.c5 Ne7 21.Rfd1 Nd5 22.e4
fxe4 23.Qxe4 Qe5 24.Qxe5 Bxe5 25.h3 Nc7 26.Ba5 Kf7 27.Rxd8 Rxd8 28.Re1 b6
29.cxb6 axb6 30.Bxb6 Rb8 31.Bc5 Bf6 32.a4 Ra8 33.Bb6 {#r} 1-0

[Event "Cup Croatia"]
[Site "masterchessopen.com – Pula (Croatia)"]
[Round "1"]
[White "Bilobrk Franjo (CRO)"]
[Black "Borscak Miljenko (CRO)"]
[Result "1-0"]
[WhiteElo "2365"]
[BlackElo "2148"]

1.d4 e6 2.c4 Nf6 3.Nf3 d5 4.g3 Be7 5.Bg2 O-O 6.O-O Nbd7 7.Qc2 c6 8.b3 Re8
9.Nbd2 Bf8 10.Bb2 g6 11.Rfd1 Bg7 12.e4 Nf8 13.h4 h6 14.e5 N6h7 15.Bf1 a5 16.a3
Bd7 17.Bd3 Qe7 18.Re1 Red8 19.Kg2 Be8 20.Nf1 Nd7 21.Ne3 Nhf8 22.a4 Nb8 23.Ba3
Qc7 24.Ng4 Nh7 25.h5 Ng5 26.Nxg5 gxh5 27.Nf6+ Bxf6 28.exf6 dxc4 29.Bh7+ Kh8
30.Bg8 {#r} 1-0

[Event "It (open)"]
[Site "masterchessopen.com – Washington (USA)"]
[Round "1"]
[White "Greanias Steve (USA)"]
[Black "Lu Yu Zhong (USA)"]
[Result "1-0"]
[WhiteElo "2235"]
[BlackElo "2184"]

1.c4 e6 2.g3 d5 3.Bg2 Nf6 4.Nf3 Be7 5.d4 O-O 6.Qc2 Nbd7 7.O-O a6 8.cxd5 exd5
9.Bf4 c6 10.Nc3 Re8 11.Rad1 Nf8 12.Ne5 Ne6 13.Bc1 Bd6 14.f4 Qb6 15.e3 g6 16.h3
h5 17.Nxg6 Ng7 18.Nh4 Bd7 19.Kh2 Bb4 20.Qb3 Qa5 21.Bd2 Bxc3 22.bxc3 Qb5 23.Qc2
Qc4 24.Rfe1 a5 25.Bf1 {#r} 1-0

[Event "Memorial V.Syre (open)"]
[Site "masterchessopen.com – Issy Les Moulineaux (France)"]
[Round "0"]
[White "Bernard Christophe (FRA)"]
[Black "Franot Philippe (FRA)"]
[Result "1-0"]
[WhiteElo "1694"]
[BlackElo "2091"]

1.d4 Nf6 2.Nf3 d5 3.c4 e6 4.g3 Be7 5.Bg2 O-O 6.O-O Nbd7 7.Qc2 c5 8.cxd5 Nxd5
9.Nc3 Nb4 10.Qb1 cxd4 11.Nxd4 Ne5 12.Rd1 Qb6 13.Be3 Nc4 14.Nc6 Bc5 15.Ne7+ Kh8
16.Na4 Qb5 17.Bxc5 Na6 18.Rd4 f5 19.Qc2 Nxc5 20.Qxc4 Qxc4 21.Rxc4 Nxa4 22.Rxa4
Bd7 23.Rd4 Bb5 24.Bxb7 Rab8 25.Bf3 e5 26.Ng6+ hxg6 27.Rh4+ Kg8 28.Bd5+ Rf7
29.Rb4 Rb6 30.Rc1 Kf8 31.Bxf7 Kxf7 32.Rc7+ Kf6 33.Rxa7 {#r} 1-0

[Event "Ch European Union SCIPT"]
[Site "masterchessopen.com – Denmark"]
[Round "5"]
[White "Urban Klaudiusz (POL)"]
[Black "Ahlander Bjorn (SWE)"]
[Result "1-0"]
[WhiteElo "2463"]
[BlackElo "2436"]

1.g3 Nf6 2.Bg2 d5 3.Nf3 e6 4.O-O Be7 5.d4 O-O 6.c4 Nbd7 7.Qc2 c6 8.Rd1 b6 9.b3
Bb7 10.Nc3 Rc8 11.e4 Ba6 12.e5 Ne8 13.Bf1 Nc7 14.h4 h6 15.Bf4 Re8 16.Qd2 Nf8
17.Rac1 Ba3 18.Rc2 Bb4 19.Qc1 Qd7 20.Be3 Bb7 21.c5 Ba6 22.Ne2 bxc5 23.dxc5 Ba5
24.Qa3 f6 25.Qxa5 Qf7 26.Qd2 Nd7 27.Bd4 Qh5 28.Qe3 Re7 29.Nf4 Qg4 30.Bh3 {#r}
1-0

[Event "Ch France (juniors) (under 20)"]
[Site "masterchessopen.com – France"]
[Round "6"]
[White "Clery Nicolas (FRA)"]
[Black "Capitaine Mathieu (FRA)"]
[Result "1-0"]
[WhiteElo "2172"]
[BlackElo "2087"]

1.d4 d5 2.c4 e6 3.Nf3 Nf6 4.g3 Be7 5.Bg2 Nbd7 6.O-O O-O 7.Qc2 Re8 8.b3 b6
9.cxd5 Nxd5 10.Rd1 Bb7 11.a3 c5 12.dxc5 Bxc5 13.Ng5 g6 14.e4 N5f6 15.Bb2 e5
16.b4 Bf8 17.Qb3 Qe7 18.Nc3 a6 19.h4 Rac8 20.Nd5 Nxd5 21.exd5 Qd6 22.Ne4 Qe7
23.d6 Qd8 24.Ng5 {#r} 1-0

[Event "Ch World (seniors) (w)"]
[Site "masterchessopen.com – Gladenbach (Germany)"]
[Round "10"]
[White "Muslimova Aida E (KAZ)"]
[Black "Wolf Margot (GER)"]
[Result "1-0"]
[WhiteElo "2180"]
[BlackElo "1550"]

1.d4 d5 2.Nf3 Nf6 3.c4 e6 4.g3 Nbd7 5.Bg2 Be7 6.O-O O-O 7.Qc2 c5 8.cxd5 exd5
9.Nc3 Nb6 10.Rd1 Qc7 11.Bf4 Qd8 12.Rac1 Bd7 13.dxc5 Bxc5 14.Nd4 a6 15.h3 Be6
16.e4 Qd7 17.Nxd5 Bd6 18.Nxf6+ gxf6 19.Nxe6 fxe6 20.Rxd6 {#r} 1-0

[Event "It (open)"]
[Site "masterchessopen.com – Port of Spain (Trinidad & Tobago)"]
[Round "3"]
[White "Urday Henry (PER)"]
[Black "Yee Frank (TRI)"]
[Result "1-0"]
[WhiteElo "2483"]
[BlackElo "2188"]

1.d4 Nf6 2.Nf3 d5 3.c4 e6 4.g3 Be7 5.Bg2 Nbd7 6.Qc2 O-O 7.O-O b6 8.cxd5 exd5
9.Bf4 c5 10.Rd1 Bb7 11.Nc3 Rc8 12.dxc5 bxc5 13.Ne5 Nb6 14.a4 a5 15.Nb5 Nh5
16.Bd2 Ra8 17.Bc3 Qc8 18.e3 f6 19.Nd3 f5 20.Be5 Qc6 21.Bc7 Nd7 22.Qe2 Nhf6
23.Nf4 Ne4 24.Nxd5 Rf7 25.Bxe4 fxe4 26.Nxe7+ Rxe7 27.Rd6 Qxd6 28.Bxd6 Rf7
29.Qc4 Rc8 30.Bf4 Nb6 31.Nd6 {#r} 1-0

[Event "It (open)"]
[Site "masterchessopen.com – Southend (England)"]
[Round "4"]
[White "Hall David E"]
[Black "Snijders K"]
[Result "1-0"]
[WhiteElo "1944"]
[BlackElo "1648"]

1.d4 d5 2.Nf3 e6 3.c4 Nf6 4.g3 Be7 5.Bg2 O-O 6.Qc2 Nbd7 7.O-O c6 8.b3 b6 9.Rd1
Ne4 10.Nbd2 Nd6 11.Bb2 Ba6 12.Rac1 Rc8 13.e4 Re8 14.Qb1 Bb7 15.h4 h6 16.Ne5
Nf6 17.cxd5 cxd5 18.Rxc8 Qxc8 19.Rc1 Qa8 20.exd5 Bxd5 21.f3 Nf5 22.Kh2 Bd6
23.Ne4 Bb8 24.Qd3 Nh5 25.Rc2 f6 26.g4 Nf4 27.Qb5 Bxe5 28.dxe5 Ne3 29.Rc7 Qd8
30.exf6 Qxc7 31.Qxe8+ Kh7 32.fxg7 Nf1+ 33.Kh1 {#r} 1-0

[Event "Tournament (juniors) (under 14)"]
[Site "masterchessopen.com – Wewelsburg (Germany)"]
[Round "5"]
[White "Thesing Michael"]
[Black "Samraoui Mekki"]
[Result "1-0"]
[WhiteElo "1324"]
[BlackElo "1126"]

1.d4 Nf6 2.c4 e6 3.Nf3 d5 4.g3 Be7 5.Bg2 O-O 6.O-O Nbd7 7.Qc2 b6 8.b3 Bb7
9.Nc3 Rc8 10.Rd1 c5 11.Ne5 cxd4 12.Nxd7 Qxd7 13.Rxd4 Rfd8 14.Bf4 Bd6 15.Bxd6
Qxd6 16.Rd3 Qc7 17.Rad1 h6 18.Nb5 Qb8 19.Qd2 a6 20.Na3 Rd7 21.cxd5 Bxd5 22.e4
Bxe4 23.Rxd7 Bxg2 24.Rd8+ Rxd8 25.Qxd8+ Qxd8 26.Rxd8+ Kh7 27.Kxg2 {#r} 1-0

[Event "It (open)"]
[Site "masterchessopen.com – Cannes (France)"]
[Round "7"]
[White "Bauer Christian (FRA)"]
[Black "Vasilev Milen (BUL)"]
[Result "1-0"]
[WhiteElo "2562"]
[BlackElo "2316"]

1.d4 Nf6 2.Nf3 d5 3.c4 e6 4.g3 Be7 5.Bg2 O-O 6.O-O Nbd7 7.Qc2 Ne4 8.Nc3 Ndf6
9.Bf4 b6 10.Nxe4 dxe4 11.Ng5 Bb7 12.Nxe4 Qc8 13.Rad1 Rd8 14.Bg5 a5 15.Nxf6+
gxf6 16.Bh6 Bxg2 17.Kxg2 Qb7+ 18.e4 f5 19.d5 Bf6 20.Rfe1 c6 21.dxe6 fxe6
22.exf5 c5+ 23.f3 e5 24.Qe4 Qxe4 25.Rxd8+ Rxd8 26.fxe4 Rd4 27.b3 a4 28.Kf2 Rd3
29.Ke2 Rd4 30.Be3 {#r} 1-0

[Event "Czech League 2000/01 (2nd) (b) East"]
[Site "masterchessopen.com – Czech Republic"]
[Round "5"]
[White "Varejcko Josef (CZE)"]
[Black "Hase Pavel (CZE)"]
[Result "1-0"]
[WhiteElo "2271"]
[BlackElo "2122"]

1.d4 Nf6 2.Nf3 e6 3.g3 d5 4.Bg2 Be7 5.O-O O-O 6.c4 Nbd7 7.Qc2 c6 8.b3 b5
9.Nbd2 Bb7 10.Ne5 Nxe5 11.dxe5 Nd7 12.Bb2 Qb6 13.Kh1 Bc5 14.f4 Bd4 15.Bxd4
Qxd4 16.Rad1 Qc5 17.Ne4 Qe7 18.Nd6 Nb6 19.c5 Nc8 20.e4 Nxd6 21.exd6 Qd8 22.g4
Qd7 23.f5 Rfd8 24.f6 g6 25.Rd3 h6 26.Rh3 e5 27.Qd2 g5 28.Rf5 Kh7 29.Rxh6+ {#r}
1-0

[Event "It (cat.10)"]
[Site "masterchessopen.com – Essen (Germany)"]
[Round "5"]
[White "Fridman Daniel (GER)"]
[Black "Doettling Fabian (GER)"]
[Result "1-0"]
[WhiteElo "2550"]
[BlackElo "2473"]

1.Nf3 Nf6 2.c4 e6 3.g3 d5 4.Bg2 Be7 5.O-O O-O 6.d4 Nbd7 7.Qc2 c6 8.Rd1 b6 9.b3
Bb7 10.Nc3 Rc8 11.e4 c5 12.exd5 exd5 13.dxc5 Bxc5 14.Ng5 h6 15.Nh3 Re8 16.Bb2
Ne5 17.Nxd5 Bxd5 18.Bxd5 Qd7 19.Bg2 Qg4 20.Nf4 Qg5 21.Bd4 Bxd4 22.Rxd4 Nc6
23.Rd6 Qe5 24.Rad1 Nb4 25.Qd2 Na6 26.Bb7 Ne4 27.Qe1 Qxd6 28.Bxc8 Qa3 29.Bd7
Re7 30.Bf5 {#r} 1-0

[Event "It (open)"]
[Site "masterchessopen.com – Altamira (Spain)"]
[Round "0"]
[White "Iruzubieta Jesus Maria (ESP)"]
[Black "Garcia Moreno Jose A (ESP)"]
[Result "1-0"]
[WhiteElo "2430"]
[BlackElo "2065"]

1.Nf3 d5 2.d4 Nf6 3.c4 e6 4.g3 Be7 5.Bg2 O-O 6.O-O Nbd7 7.Qc2 b6 8.Nc3 Bb7
9.cxd5 exd5 10.Bf4 a6 11.Rac1 c5 12.Rfd1 Rc8 13.Qf5 c4 14.Ne5 Nxe5 15.dxe5 Qd7
16.Bh3 Qxf5 17.Bxf5 Ne4 18.Bxc8 Nxc3 19.Bxb7 Nxe2+ 20.Kg2 Nxc1 21.Bxc1 Rb8
22.Bxd5 Rd8 23.e6 f5 24.Be3 Rd6 25.Bf4 {#r} 1-0

[Event "It (open)"]
[Site "masterchessopen.com – Bad Woerishofen (Germany)"]
[Round "6"]
[White "Heinig Wolfram Dr (GER)"]
[Black "Wittfoth Kai-Uve (GER)"]
[Result "1-0"]
[WhiteElo "2287"]
[BlackElo "2166"]

1.d4 d5 2.c4 e6 3.Nf3 Nf6 4.g3 Be7 5.Bg2 O-O 6.O-O Nbd7 7.Qc2 b6 8.Nc3 Bb7
9.cxd5 Nxd5 10.Nxd5 Bxd5 11.e4 Bb7 12.Rd1 Re8 13.Bf4 Bd6 14.e5 Be7 15.Ng5 Bxg5
16.Bxb7 Bxf4 17.Bxa8 Qxa8 18.gxf4 Qf3 19.Rd3 Qg4+ 20.Kf1 {#r} 1-0

[Event "Ch Russia (juniors) (under 16)"]
[Site "masterchessopen.com – Cherepovets (Russia)"]
[Round "0"]
[White "Ekdyshman Mikhail (RUS)"]
[Black "Chebotarev Oleg (RUS)"]
[Result "1-0"]
[WhiteElo "2281"]
[BlackElo "2422"]

1.d4 d5 2.c4 e6 3.Nf3 Nf6 4.g3 Be7 5.Bg2 O-O 6.Qc2 Nbd7 7.O-O c6 8.Rd1 b6 9.b3
Bb7 10.Bb2 Rc8 11.Nc3 c5 12.cxd5 exd5 13.Qf5 a6 14.dxc5 g6 15.Qh3 Rxc5 16.Qh6
Qc7 17.Na4 Rc2 18.Nd4 Rxb2 19.Nxb2 Ne4 20.Rac1 Qe5 21.Qf4 Qh5 22.Bf3 Qh3
23.Bg4 Nxf2 24.Bxd7 {#r} 1-0

[Event "Ch Asturia"]
[Site "masterchessopen.com – Norena (Spain)"]
[Round "4"]
[White "Suarez Montousse Andres (ESP)"]
[Black "Redondo Arguelles Graciela (ESP)"]
[Result "0-1"]
[WhiteElo "1980"]
[BlackElo "2066"]

1.d4 e6 2.c4 Nf6 3.g3 Be7 4.Bg2 d5 5.Nf3 O-O 6.O-O Nbd7 7.Qc2 c5 8.Rd1 Qc7
9.cxd5 Nxd5 10.a3 cxd4 11.Qxc7 Nxc7 12.Nxd4 Nf6 13.Nc3 Rd8 14.b4 Ncd5 15.Nxd5
Nxd5 16.Bb2 Bf6 17.Rac1 Bd7 18.e4 Nb6 19.e5 Bxe5 20.Bxb7 Rab8 21.Bg2 Ba4
22.Rd2 Rbc8 23.Rxc8 Rxc8 24.Nc6 Bxc6 25.Bxe5 Nc4 26.Re2 Nxa3 27.Ra2 Bb5 28.Bb7
Rc1+ 29.Kg2 Bf1+ 30.Kf3 Nc4 31.Bf4 Rc3+ 32.Be3 f5 33.Rxa7 g5 34.h3 Ne5# 0-1

[Event "Cup Nord-West"]
[Site "masterchessopen.com – Oldenburg (Germany)"]
[Round "3"]
[White "Lingnau Carsten (GER)"]
[Black "Brinkmann Georg (GER)"]
[Result "1-0"]
[WhiteElo "2418"]
[BlackElo "2082"]

1.Nf3 d5 2.d4 Nf6 3.c4 e6 4.g3 Be7 5.Bg2 O-O 6.O-O Nbd7 7.Qc2 Ne4 8.b3 c6
9.Ba3 Bxa3 10.Nxa3 Qe7 11.Qb2 f5 12.Rac1 a5 13.Nb1 Ndf6 14.Nbd2 Bd7 15.Ne5
Nxd2 16.Qxd2 Ng4 17.Nxg4 fxg4 18.e4 dxe4 19.Bxe4 Qb4 20.Qe2 Qd6 21.Qxg4 e5
22.Qh5 {#r} 1-0